| 000 | 00872nam a2200277Ia 4500 | ||
|---|---|---|---|
| 008 | 171120s9999 xx 000 0 und d | ||
| 020 | _a9.7818453792e+012 | ||
| 050 | _a599.09 | ||
| 050 | _bF818 2007 | ||
| 100 | _aFrancis, Charles M. | ||
| 245 | 2 | _aA pictographic guide to mammals of South-East Asia : | |
| 245 | _bincluding Thailand, Malaysia, Singapore, Myanmar, Laos, Cambodia, Vietnam, Java, Sumatra, Bali and Borneo / | ||
| 245 | _cby Charles M. Francis. | ||
| 260 | _aUK : | ||
| 260 | _bNew Holland, | ||
| 260 | _c2007 | ||
| 300 | _a128 pages : | ||
| 300 | _billustrations ; | ||
| 300 | _c19cm. | ||
| 500 | _aIncludes glossary, bibliographic reference and index. | ||
| 650 | _aMamals -- | ||
| 650 | _aMammals -- | ||
| 650 | _xAsia, Southeastern -- Identification. | ||
| 650 | _xAsia, Southeasthern -- Pictorial works. | ||
| 700 | _aTitle. | ||
| 999 |
_c345008 _d345008 |
||